Pays qui possédaient Alexandrie à travers l'histoire - Statistiques

Statistiques générales
  • Ce quiz a été pris 71 fois
  • Le résultat moyen est 7 sur 17
Statistiques - réponses
Période Pays % Correct
1922 - 1953 Royaume d'Égypte
98%
1953 - Aujourd'hui Égypte
97%
1517 - 1867 Empire Ottoman
87%
-29 - 395 Empire Romain
78%
1914 - 1922 Protectorat brittanique du Sultanat d'Égypte
78%
1867 - 1914 Khédivat d'Égypte
58%
395 - 641 Empire Byzantin
45%
750 - 935 Califat Abbasside
42%
- 305 -/-29 Royaume Lagide (Ptolémée)
33%
1341 - 1517 Sultanat Mamelouk d'Égypte
27%
-331 -/- 305 Royaume de Macédoine
25%
969 - 1171 Califat Fatimides
20%
661 - 750 Califat Omeyyades
18%
1958 - 1971 République Arabe Unie
13%
641 - 661 Califat Rachidun
12%
1171 - 1341 Sultanat Ayyoubide
12%
935 - 969 Ikhchidides
2%
Aucun quiz correspondant
Distribution des résultats
% des personnes avec chaque résultat
Percentile par nombre de réponses
Votre historique - résultats
Vous n’avez pas pris ce quiz